Normal view
MARC view
- PAYNS, A. R,SCOTT, J. R
Entry Personal Name
001 - CONTROL NUMBER
- control field: 58159
003 - CONTROL NUMBER IDENTIFIER
- control field: NUST
005 - DATE AND TIME OF LATEST TRANSACTION
- control field: 20210628202055.0
008 - FIXED-LENGTH DATA ELEMENTS
- fixed length control field: 210628|| aca||aabn | a|a d
040 ## - CATALOGING SOURCE
- Original cataloging agency: NUST
- Transcribing agency: NUST
100 ## - HEADING--PERSONAL NAME
- Personal name: PAYNS, A. R,SCOTT, J. R
670 ## - SOURCE DATA FOUND
- Source citation: Work cat.: (NUST): PAYNS, A. R,SCOTT, J. R, ENGINEERING DESIGN WITH RUBBER THE PROPERTIES TESTING AND DESIGN OF RUBBER AS ON ENGINEERING MATERIALS, 1960
